Influencia del río Sinú y del mar Caribe en el sistema lagunar de Cispatá (Registro nro. 16393)
[ vista simple ]
| 000 -CABECERA | |
|---|---|
| Campo de control | 005840000a22001810004500 |
| 090 ## - CLASIFICACIÓN LOCAL | |
| Colección | SERIADAS |
| 044 ## - PAÍS DE PUBLICACIÓN | |
| País de publicación | |
| 041 0# - IDIOMA | |
| Código de idioma para texto/pista de sonido o título separado | |
| 100 1# - ASIENTO PRINCIPAL--NOMBRE PERSONAL | |
| Nombre personal | Ruiz Ochoa, Mauricio |
| 245 10 - MENCION DE TITULO | |
| Título | Influencia del río Sinú y del mar Caribe en el sistema lagunar de Cispatá |
| 651 #4 - ASIENTO SECUNDARIO DE MATERIA - NOMBRE GEOGRAFICO | |
| -- | Colombia |
| -- | Río Sinú |
| 700 1# - ASIENTO SECUNDARIO - NOMBRE PERSONAL | |
| Nombre personal | Bernal, Gladys |
| 700 1# - ASIENTO SECUNDARIO - NOMBRE PERSONAL | |
| Nombre personal | Polanía, Jaime |
| 773 1# - Item fuente: | |
| Título | Boletín de Investigaciones Marinas y Costeras |
| Descripción física | 1 |
| Paginas del Articulo | 31-51 |
| Lugar, editorial y fecha de publicación | 2008 |
| Información sobre la relación | 37 |
| 942 ## - ELEMENTOS ADICIONALES (KOHA) | |
| Tipo de ítem | Artículo |
No hay ítems disponibles.